书目信息 |
| 题名: |
混凝土非破损试验法
|
|
| 作者: | 琼斯 , 弗格瓦洛 , Facaoaru , Jones 著 ;季光泽 译 | |
| 分册: | ||
| 出版信息: | 北京 中国建筑工业出版社 1982 |
|
| 页数: | 325页 | |
| 开本: | 21cm | |
| 丛书名: | ||
| 单 册: | ||
| 中图分类: | TU528-33 | |
| 科图分类: | ||
| 主题词: | 混凝土--试验--方法 | |
| 电子资源: | ||
| ISBN: | ||
| 000 | 00821nam0 2200277 45 | |
| 001 | 0182004324 | |
| 005 | 20060722111928.50 | |
| 010 | @dCNY1.30 | |
| 091 | @aCN@b15040.4157 | |
| 100 | @a19950523d1982 em y0chiy0121 ea | |
| 101 | 1 | @achi@ceng |
| 102 | @aCN@b110000 | |
| 105 | @ay z 000yy | |
| 200 | 10 | @a混凝土非破损试验法@Ahun ning tu fei po sun shi yan fa@f(英)琼斯(R. Jones), (罗)弗格瓦洛(I. Facaoaru)著@g季光泽译 |
| 210 | @a北京@c中国建筑工业出版社@d1982 | |
| 215 | @a325页@d21cm | |
| 606 | @a混凝土@x试验@x方法 | |
| 690 | @aTU528-33@v3 | |
| 701 | 1 | @a琼斯@Aqiong si@bR.@4著 |
| 701 | 1 | @a弗格瓦洛@Afu ge wa luo@bI.@4著 |
| 701 | A1 | @aFacaoaru@bI.@4著 |
| 701 | A1 | @aJones@bR.@4著 |
| 702 | 0 | @a季光泽@Aji guang ze@4译 |
| 801 | 2 | @aCN@bNLC@c20060722 |
| 801 | 0 | @aCN@bTSSF |
| 905 | @a10447@dTU528-33@e242 | |
| 混凝土非破损试验法/(英)琼斯(R. Jones), (罗)弗格瓦洛(I. Facaoaru)著/季光泽译.-北京:中国建筑工业出版社,1982 |
| 325页;21cm |
| ISBN :CNY1.30 |
| ● |
| 相关链接 |
|
|
|
|
正题名:混凝土非破损试验法
索取号:TU528-33/242
 
预约/预借
| 序号 | 登录号 | 条形码 | 馆藏地/架位号 | 状态 | 备注 |
| 1 | 0438102 | 204381025 | 密集书库/ [索取号:TU528-33/242] | 在馆 |